Score 0/15 Timer 02:00
0 Plays Today
% Correct
Ebenezer Scrooge
93.8%
Nicholas Nickleby
93.3%
Oliver Twist
92.9%
Tiny Tim
89.1%
Artful Dodger
88.8%
Miss Havisham
86.2%
Jacob Marley
85.4%
Pip
84.6%
% Correct
Fagin
84%
Estella
76.3%
Bounderby
60.7%
Gradgrind
52.7%
Wackford Squeers
52.6%
Sissy Jupe
51.3%
Lord Frederick Verisopht
41.7%
Remove Ads.
Support Sporcle.
Get the best of Sporcle when you Go Orange. This ad-free experience offers more features, more stats, and more fun while also helping to support Sporcle. Thank you for becoming a member.

You're not logged in!

Compare scores with friends on all Sporcle quizzes.
OR
Log In

Show Comments

Extras

Top Quizzes Today


Score Distribution

Your Account Isn't Verified!

In order to create a playlist on Sporcle, you need to verify the email address you used during registration. Go to your Sporcle Settings to finish the process.

Report this User

Report this user for behavior that violates our Community Guidelines.

Details: